| 000 | 00827nam a2200217Ia 4500 | ||
|---|---|---|---|
| 005 | 20240530110947.0 | ||
| 008 | 140319s2007 xx 000 0 ara d | ||
| 020 | _a9774084764 | ||
| 040 |
_aGCL / _cGCL |
||
| 082 | 0 | 4 |
_a922.1 / _bك ن |
| 100 | 1 | _aكارم عبدالغفار عوض | |
| 245 | 1 | 0 |
_aنور الدين محمود : _bباعث الخلافة الراشدة / _cكارم عبدالغفار عوض |
| 260 |
_aالقاهرة : _bدار الفاروق للاستثمارات الثقافية، _c2007 |
||
| 300 |
_a183 ص ؛ _c24 سم |
||
| 490 |
_aمشاهير عبر التاريخ _v0 |
||
| 650 | 0 | 4 | _aالاسلام - تراجم |
| 650 | 0 | 4 | _aنورالدين محمود |
| 651 |
_aمصر _xتاريخ _yالعصر الايوبى |
||
| 942 |
_2ddc _cBK |
||
| 999 |
_c66922 _d66922 |
||